| 000 | 00706nam a22002057a 4500 | ||
|---|---|---|---|
| 999 |
_c1597 _d1597 |
||
| 003 | AR-CdUCM | ||
| 008 | 190227b ||||| |||| 00| 0 spa d | ||
| 040 |
_aMUNICIPALIDAD PROVINCIAL DEL CUSCO _cBIBLIOTECA MUNICIPAL DEL CUSCO |
||
| 082 |
_a343.3 / _bS42 |
||
| 100 |
_aSerra Rojas, Andres _95990 |
||
| 245 | _aTeoría general del Estado / | ||
| 260 |
_aMexico : _bManuel Porrua , _c1964. |
||
| 300 |
_a492 páginas ; _c24 cm. |
||
| 505 | _aLa política -- La ciencia política -- Derecho político -- Relaciones de la ciencia política... | ||
| 650 |
_aPolítica. _9291 |
||
| 650 |
_aCiencia Política. _91775 |
||
| 650 |
_aElementos del Estado. _95991 |
||
| 942 |
_2ddc _cLIBROS |
||
| 945 |
_awfj _d2019-02-27 |
||